000 01293nam a2200373 c 4500
001 51984
003 ES-MaCES
005 20250526142703.0
007 cr |||||||||||
008 211025s2021 sp l 000 | spa d
017 _aNA 1308-2021
_bDL
020 _a9788413906720
020 _a9788413906713 (electrónico)
040 _aES-MaCES
_bspa
_cES-MaCES
110 1 _aEspaña
_tCódigo civil, 1889
_92722
245 1 0 _aCódigo civil
_c[edición preparada por] José Antonio Pajares Giménez
250 _a44ª ed
260 _aCizur Menor (Navarra)
_bCivitas-Thomson Reuters
_c2021
300 _a684 p.
_c21 cm
490 1 _aBiblioteca de legislación
_v5
500 _aPublicación en formato DÚO (papel + libro ectrónico). Disponible en formato electrónico mediante la aplicación PROVIEW
500 _aÍndices
541 _cCompra
650 4 _acódigo civil
_930028
650 4 _aEspaña
_926964
650 4 _atexto
_929624
653 1 0 _aLegislación
700 1 _aPajares Giménez, José Antonio
_eed. lit.
_920241
775 0 _tCódigo civil
_w(ES-MaCES)51567
830 0 _aBiblioteca de legislación
_v5
_932132
856 4 _uhttps://legalteca.aranzadilaley.es/my-library?sponsor=82111144-IP
_yLegalteca
902 _aLIB Libro
942 _2CES
_cBK
_h6.1.
999 _c51984
_d51984